00666nam a2200193 a 4500020001800000082001300018100002100031245002800052260004400080300000900124500003500133505001000168650002300178700002100201942000700222952010600229952012200335999001500457 a0192342 00a297bESP aEsposito, John L aIslam The Straight Path aLondan bOxford University Press c1988 a230p aincludes index and biblioraphy2 aIndex aIslam-Meccan Trade1 aEsposito, John L cBK 00104070aHMIbHMId2018-11-22g375.00l3o297 ESPp013252r2018-01-04s2017-12-15w2026-01-16yBK 00104070aHMIbHMId2018-11-22g375.00l12m2o297 ESPp018101q2026-03-10r2026-02-10s2026-02-10w2026-01-16yBK c8069d8069